000 00346nam a2200157Ia 4500
008 151213s9999 xx 000 0 und d
100 _aCarey
245 _aThe old man & the sea
_cCarey
250 _a1st
260 _aMadraj
_bKalyami
_c1999
300 _a2502 p.
650 _aEnglish
650 _aEnglish
700 _aCarey
999 _c1709
_d1709